000 01104nam a22003257a 4500
003 CHAP
005 20220329141656.0
008 971013s1994 r 00010 d
010 _a72025
011 _a72997
035 _a82554
040 _cCHAP
082 _a506.58
_bA5
100 0 0 _aAlvarez, Benjamín
_eed.
_95008
245 _aLaying the foundation
_b: the institutions of knowledge in developing countries
260 _aOttawa :
_bInternational Development Research Centre,
_c1994
300 _a211 p.
590 _aBATCH-UPD
_b10
_c20130110
_lUCH01
_h0728
590 _aBATCH-UPD
_b10
_c20130410
_lUCH01
_h0411
590 _aBATCH-UPD
_b10
_c20130914
_lUCH01
_h0259
590 _aCONVERSION
_b10
_c20130109
_lUCH01
_h1339
650 1 4 _aInnovaciones tecnológicas.
_958829
650 1 4 _aInstituciones científicas.
_958974
650 1 4 _aInstituciones y sociedades doctas.
_958982
650 1 4 _aOrganismos Internacionales Agrícolas.
_983526
700 0 _aGómez, Hernando.
_949959
901 _aBK
942 _cLIBRO
949 _a506.58 A5
_bBC
_cLIBRO
_d33724000134995
_eLIBRO
_h86580
_i82554
_mD
_si
999 _c72025
_d72025